000 00542nam a2200157 i 4500
001 41301
003 ES-MaACL
005 20230906160416.0
007 t|
008 030310s1958 sp ||||1| spa d
100 1 _aCastedo y Hernández de Padilla, José-Aciscio.
_936459
245 1 0 _aReferencias históricas y comentarios sobre la economía arancelaria española /
_cJosé-Aciscio Castedo y Hernández de Padilla.
260 _aMadrid :
_b[s.n.,
_c1958] (
_fImp. Sèz)
300 _a434 p. ;
_c21 cm.
852 _aES-MaACL
_jC-14705
_bR.42430
999 _c41301
_d41301